<?xml version="1.0" encoding="UTF-8"?>
<collection xmlns="http://www.loc.gov/MARC21/slim">
  <record>
    <leader>00000nam  2200000   4500</leader>
    <controlfield tag="001">INLIS000000000020555</controlfield>
    <controlfield tag="005">20250721094325</controlfield>
    <datafield tag="035" ind1="#" ind2="#">
      <subfield code="a">0010-0725000085</subfield>
    </datafield>
    <controlfield tag="007">ta</controlfield>
    <controlfield tag="008">250721################|##########|#|##</controlfield>
    <datafield tag="084" ind1="#" ind2="#">
      <subfield code="a">R 115 PKN II 2023</subfield>
    </datafield>
    <datafield tag="100" ind1=" " ind2="#">
      <subfield code="a">Abdul Halim Djen Kipu</subfield>
    </datafield>
    <datafield tag="245" ind1="1" ind2="#">
      <subfield code="a">Sinergi Kegiatan Pembangunan Kawasan Lingkar Tambang Nikel Dalam Upaya Pelayanan Masyarakat /</subfield>
      <subfield code="c">Abdul Halim Djen Kipu</subfield>
    </datafield>
    <datafield tag="250" ind1="#" ind2="#">
      <subfield code="a">1</subfield>
    </datafield>
    <datafield tag="260" ind1="#" ind2="#">
      <subfield code="a">Jakarta :</subfield>
      <subfield code="b">Pusbangkom Pimnas,</subfield>
      <subfield code="c">2023</subfield>
    </datafield>
    <datafield tag="300" ind1="#" ind2="#">
      <subfield code="a">183 :</subfield>
      <subfield code="b">ilus ;</subfield>
      <subfield code="c">29 x 21 x 1,5</subfield>
    </datafield>
    <datafield tag="650" ind1="#" ind2="4">
      <subfield code="a">Layanan</subfield>
    </datafield>
    <datafield tag="520" ind1="#" ind2="#">
      <subfield code="a">Pembangunan Kawasan Lingkar Tambang Nikel melalui partisipasi&#13;
stakeholders merupakan strategi terobosan inovasi perencanaan dengan&#13;
menyiapkan perencanaan sejak awal sebelum agenda perencanaan tahunan&#13;
(annual plan). Proyek Perubahan berjudul: Sinergi Kegiatan Pembangunan&#13;
Kawasan Lingkar Tambang Nikel Dalam Upaya Pelayanan Masyarakat disingkat&#13;
SIFIRIMI ERLELEAN juga bermakna filosofis kebersamaan dalam melayani&#13;
masyarakat untuk mengatasi gap pembangunan kawasan lingkar tambang nikel&#13;
dengan mengsinergikan sumber daya daerah.&#13;
Keluaran (ouput) proyek perubahan yaitu: 1) Terbentuk Forum Komunikasi&#13;
Pembangunan Kawasan Lingkar Tambang Nikel, dan 2) Tersedianya Dokumen&#13;
Sinergi Pembangunan Kawasan Lingkar Tambang Nikel.&#13;
SIFIRIMI ERLELEAN merupakan wujud nyata model Pentahelix dalam&#13;
merealisasikan Visi Pelayanan Terhadap Masyharakat, dengan penguatan jejaring,&#13;
kolaborasi, dukungan, dan partisipasi stakeholders pembangunan daerah.&#13;
Dengan menguatnya dukungan dan partisipasi stakeholders maka terjadi&#13;
akselerasi capaian target RPJMD Tahun 2021-2026 yaitu peningkatan capaian&#13;
indeks kesejahteraan masyarakat.</subfield>
    </datafield>
    <datafield tag="856" ind1="#" ind2="#">
      <subfield code="a">Perpustakaan Pusat LAN</subfield>
    </datafield>
    <datafield tag="990" ind1="#" ind2="#">
      <subfield code="a">2507116</subfield>
    </datafield>
  </record>
</collection>
